LEADER 00944nas 2200373 c 450 001 996212449803316 005 20200605125208.0 035 $a(CKB)1000000000529377 035 $a(DE-599)ZDB2259759-1 035 $a(OCoLC)180137482 035 $a(OCoLC)705277459 035 $a(DE-101)982017111 035 $a(EXLCZ)991000000000529377 100 $a20061122a19979999 |y | 101 0 $aspa 135 $aur||||||||||| 181 $ctxt$2rdacontent 182 $cc$2rdamedia 183 $acr$2rdacarrier 200 10$aCEMFI working paper 210 31$aMadrid$d1997- 215 $aOnline-Ressource 300 $aGesehen am 07.02.2020 517 1 $aCEMFI working papers 608 $aMonografische Reihe$2gnd-content 676 $a300 676 $a330 801 0$b8999 801 1$bDE-101 801 2$b4022 906 $aJOURNAL 912 $a996212449803316 996 $aCEMFI working paper$92218049 997 $aUNISA LEADER 01503oam 2200397 a 450 001 9910699902303321 005 20110405111040.0 035 $a(CKB)5470000002406938 035 $a(OCoLC)664457394 035 $a(EXLCZ)995470000002406938 100 $a20100917d1979 ua 0 101 0 $aeng 135 $aurbn||||||||| 181 $ctxt$2rdacontent 182 $cc$2rdamedia 183 $acr$2rdacarrier 200 10$aAutomated digital system engineering model$b[electronic resource] /$fL.G. Hause, D.R. Wortendyke 210 1$a[Washington, D.C.] :$cU.S. Dept. of Commerce, [National Telecommunications and Information Administration],$d[1979] 215 $a1 online resource (v, 86 pages) $cillustrations 225 1 $aNTIA report ;$v79-18 300 $aTitle from title screen (viewed on March 29, 2011). 300 $a"March 1979." 320 $aIncludes bibliographical references (pages 85-86). 606 $aMicrowave communication systems$xComputer programs 615 0$aMicrowave communication systems$xComputer programs. 700 $aHause$b L. G$01398321 701 $aWortendyke$b D. R$01398322 712 02$aUnited States.$bNational Telecommunications and Information Administration. 712 02$aU.S. Army Communications-Electronics Engineering Installation Agency. 801 0$bOCLCE 801 1$bOCLCE 801 2$bGPO 906 $aBOOK 912 $a9910699902303321 996 $aAutomated digital system engineering model$93461357 997 $aUNINA